| 000 | 00401nam a22001457a 4500 | ||
|---|---|---|---|
| 020 | _a81892585 | ||
| 050 |
_aSF481 _b.574 C.1 |
||
| 100 | _aP.V. Sreenivasaiah and S. Venugopal. | ||
| 245 | _aSmall-scale layer production | ||
| 260 |
_aLucknow, India. _b 2008 _cInternational Book Distributing Co |
||
| 300 | _ai, 200 p . | ||
| 650 | _vBook : English : 1st ed | ||
| 700 | _a Venugopa S.. | ||
| 942 | _cGEN | ||
| 999 |
_c1011 _d1011 |
||